000 00655nam a22002175i 4500
001 48733
003 ES-MaACL
005 20230906161816.0
007 t|
008 950727s1842 gw ||||1| eng d
080 _a821.111-31"18"
100 1 _aDickens, Charles.
_944489
245 1 4 _aThe posthumous papers of the Pickwick Club /
_cby Charles Dickens.
260 _aLeipzig :
_bBernhard Tauchnitz,
_c1842.
300 _a1 v., [1] h. de lám ;
_c16 cm.
490 1 _aCollection of British authors ;
_v2
830 1 _aCollection of British authors ;
_v2
_9180703
852 4 _aES-MaACL
_jG-12427
852 4 _aES-MaACL
_jD-3799
999 _c48733
_d48733